00246nam a2200097Ia 4500008004000000082001100040100002100051245002200072260004600094300000800140210210b1944 xxu||||| |||| 00| 0 eng d a110/45 aDOBIE (J Frank). aTexan in England. aLondonbHammond and Company Limitedc1944 a192